1658 1417 1417 1096 1033 1038 1765 1542 1661 1205 1207 1246 1456 1415 1434 1294 1878 1205 1899 1973 1810 1258 1718 1643 1783 1102 1601 1826 1437 1506 1802 1962 1511 1975 1468 1341 1958 1854 1400 1052 1345 1172 1503 1002 1238 1811 1308 1719 1940 1228 1640 1687 1169 1271 1035 1751 1479 1326 1922 1922 1838 1200 1505 1965 1613 1853 1762 1850 1078 1500 1446 1495 1174 1907 1150 1257 1561 1133 1377 1510 1290 1243 1901 1984 1214 1093 1735 1585 1410 1005 1320 1548 1720 1947 1780 1087 1819 1122 1424 BCNSPRNW ULIB Ver.6.0+V

เปลี่ยนเป็นภาษาไทย

Change to English
 แสดงรายละเอียดบรรณานุกรม
  กลับหน้าหลัก

Brief Record : Get Marc (ISO 2709) : E-mail record : QR code < ปิดหน้าต่าง
LEADER : 00000nam 2200000uu 4500
001    13399111698
003     ULIB
008    110706s2539||||th 000 0 tha d
020    9747092247
050  4 BQ8915^bช724ก 2539
100 1  รินโปเช, เชอเกียม ตรุงปะ
245 10 การเดินทางอย่างปราศจากจุดมุ่งหมาย /^cเชอเกียม ตรุงปะรินโปเช เขียน ; พจนา จันทรสันติ แปล
260    กรุงเทพฯ :^bสำนักพิมพ์มูลนิธิโกมลคีมทอง,^c2539
300    20, 161 หน้า ;^c21 ซม.
650  4 วัชรยาน
650  4 ลัทธิตันตระ
650  4 พุทธศาสนา^xนิกายวัชรยาน
700 0  พจนา จันทรสันติ,^eผู้แปล
945    ^p110^l0^i026689
995    ทศพร
999 ^a ใช้งานได้ทุกระบบ
รายการนี้ยังไม่มีแท็ก
คุณยังไม่ได้ล็อกอิน คุณสามารถมีกิจกรรมร่วมกับเว็บไซต์ได้ แต่ต้องล็อกอินก่อน ::
  ล็อกอิน

รายการสื่อสารสนเทศ

ลำดับที่ ประเภท เลขเรียก/บาร์โค้ด สถานที่ สถานะ
- ไม่พบข้อมูล -

BibComment


ยังไม่เคยถูกคอมเมนท์

คอมเมนท์ทรัพยากรรายการนี้
  คอมเมนท์: การเดินทางอย่างปร..


 Copyright 2026. Bcnsprnw @Library